Central Library OPAC University of Rajshahi

The Mahdīya : (Record no. 26968)

MARC details
000 -LEADER
fixed length control field 00810cam a2200241 a 4500
001 - CONTROL NUMBER
control field 26968
003 - CONTROL NUMBER IDENTIFIER
rucl marc code BD-RjUL
005 - DATE AND TIME OF LATEST TRANSACTION
control field 20211209051108.0
008 - FIXED-LENGTH DATA ELEMENTS--GENERAL INFORMATION
fixed length control field 140324r1951 enkabcf 001 0 eng u
035 ## - SYSTEM CONTROL NUMBER
System control number (BD-RjUL)27039
040 ## - CATALOGING SOURCE
Transcribing agency OUN
Modifying agency OCL
-- NYP
-- UKM
-- EQO
-- BD-RjUL
Original cataloging agency BD-RjUL
Language of cataloging eng
041 ## - LANGUAGE CODE
Language code of text/sound track or separate title eng
082 04 - DEWEY DECIMAL CLASSIFICATION NUMBER
Classification number 962.403
Edition number 18
Author mark and year THM 1965
100 1# - MAIN ENTRY--PERSONAL NAME
Personal name Theobald, A. B.
Fuller form of name (Alan Buchan)
9 (RLIN) 82879
245 14 - TITLE STATEMENT
Title The Mahdīya :
Remainder of title a history of the Anglo-Egyptian Sudan, 1881-1899 /
Statement of responsibility, etc. by A.B. Theobald.
260 ## - PUBLICATION, DISTRIBUTION, ETC. (IMPRINT)
Place of publication, distribution, etc. London :
Name of publisher, distributor, etc. Longmans,
Date of publication, distribution, etc. 1951 [impression 1965].
300 ## - PHYSICAL DESCRIPTION
Pagination ix, 273 p., [5] p. of plates :
Illustrations ill., maps, ports. ;
Size 23 cm.
504 ## - BIBLIOGRAPHY, ETC. NOTE
Bibliography, etc includes Bibliographical reference and index.
651 #0 - SUBJECT ADDED ENTRY--GEOGRAPHIC NAME
Geographic name Sudan
General subdivision History
Chronological subdivision 1881-1899.
9 (RLIN) 82848
942 ## - ADDED ENTRY ELEMENTS (KOHA)
Source of classification or shelving scheme Dewey Decimal Classification
Koha item type Books
Holdings
Lost status Source of classification or shelving scheme Damaged status Not for loan Collection code Permanent Location Current Location Shelving location Date acquired Source of acquisition Cost, normal purchase price Total Checkouts Full call number Date last seen Copy number Koha item type
  Dewey Decimal Classification     Non-fiction Central Library, University of Rajshahi Central Library, University of Rajshahi   21/09/1968 Zeitlinger 35.00   962.403 THM 1965 24/03/2014 C-5 Books
  Dewey Decimal Classification     Non-fiction Central Library, University of Rajshahi Central Library, University of Rajshahi   10/02/1967 sh. mehd. Ashraf 22.00   962.403 THM 1962 24/03/2014 C-4 Books
  Dewey Decimal Classification     Non-fiction Central Library, University of Rajshahi Central Library, University of Rajshahi   09/01/1956 simpkin marshall 1.50   962.403 THM 1955 24/03/2014 C-3 Books
  Dewey Decimal Classification   Added to bundle Non-fiction Central Library, University of Rajshahi Central Library, University of Rajshahi   24/01/1955 M.B.P. dacca 15.00   962.403 THM 1952 24/03/2014 C-1 Books
  Dewey Decimal Classification     Non-fiction Central Library, University of Rajshahi Central Library, University of Rajshahi   09/11/1955 pak co-operation book society 12.80   962.403 THM 1952 24/03/2014 C-2 Books